Náklady kapitálu a optimálna kapitálová štruktúra v podmienkach vybraného podniku diplomová práca

Uložené v:
Podrobná bibliografia
Hlavný autor: Kasperová, Lucia
Korporativný autor: Národohospodárska fakulta EU. Katedra financií
Ďalší autori: Jančovičová Bognárová, Kristína, 1979-
Médium: Kniha
Jazyk:Slovak
Vydavateľské údaje: Bratislava 2021
Tagy: Pridať tag
Žiadne tagy, Buďte prvý, kto otaguje tento záznam!

MARC

LEADER 00000nbm a2200000 4500
001 0274239
005 20220104091136.4
041 0 |a slo 
044 |a SK 
245 1 0 |a Náklady kapitálu a optimálna kapitálová štruktúra v podmienkach vybraného podniku  |b diplomová práca  |c Lucia Kasperová ; školiteľ: Kristína Jančovičová Bognárová 
264 1 |a Bratislava  |c 2021 
300 |a 71 s. 
100 1 |a Kasperová, Lucia 
700 1 |a Jančovičová Bognárová, Kristína, 1979- 
710 2 |a Národohospodárska fakulta EU. Katedra financií